Explosion of people evangelism. (Record no. 14132)

000 -LEADER
fixed length control field 00746nam a2200217 a 4500
001 - CONTROL NUMBER
control field :::00011956$&:&@@
003 - CONTROL NUMBER IDENTIFIER
control field OkBaRHE
005 - DATE AND TIME OF LATEST TRANSACTION
control field 20000607103414.0
008 - FIXED-LENGTH DATA ELEMENTS--GENERAL INFORMATION
fixed length control field s1974 j 000 0 eng u
020 ## - INTERNATIONAL STANDARD BOOK NUMBER
International Standard Book Number 0802424139
040 ## - CATALOGING SOURCE
Transcribing agency
100 1# - MAIN ENTRY--PERSONAL NAME
Personal name Palmer, Donald C.
245 10 - TITLE STATEMENT
Title Explosion of people evangelism.
Statement of responsibility, etc by Donald C. Palmer.
260 ## - PUBLICATION, DISTRIBUTION, ETC. (IMPRINT)
Place of publication, distribution, etc Chicago, IL., :
Name of publisher, distributor, etc Moody Press
Date of publication, distribution, etc 1974
300 ## - PHYSICAL DESCRIPTION
Extent 191 p. : illus. ;
Dimensions 22 cm.
650 ## - SUBJECT ADDED ENTRY--TOPICAL TERM
Topical term or geographic name as entry element Church Growth
650 ## - SUBJECT ADDED ENTRY--TOPICAL TERM
Topical term or geographic name as entry element Pentecostal Churches
General subdivision Colombia
942 ## - ADDED ENTRY ELEMENTS (KOHA)
Source of classification or shelving scheme
Koha item type Books
Copies
Lost status Source of classification or shelving scheme Withdrawn status Full call number Shelving location Price effective from Barcode Date acquired Damaged status Permanent Location Koha item type Not for loan Date last seen Copy number
   BX 8762 .Z7P34General Stacks2010-04-14119562010-04-14 RHEMA Bible Training CollegeBooks 2010-04-141
   BX 8762 .Z7P34General Stacks2010-04-14153522010-04-14 RHEMA Bible Training CollegeBooks 2010-04-142